Guia do pai divorciado (Registo nº 10549)
[ vista simples ]
| 000 -Etiqueta do registo | |
|---|---|
| Valores | 00617nam a22001931i 4500 |
| 010 ## - Número ISBN | |
| ISBN | 9789727591763 |
| 090 ## - | |
| -- | 10549 |
| 100 ## - Dados gerais de processamento | |
| Dados gerais | 20170304u u u0frey50 ba |
| 101 0# - Língua de publicação | |
| -- | por |
| 200 1# - Titulo e menção de responsabilidade | |
| Primeira menção de responsabilidade | Serge Gonzales |
| Título próprio | Guia do pai divorciado |
| Informação de outro título | estabelecer boas relações com a ex. mulher e os filhos : o poder paternal e a vida quotidiana |
| 210 ## - Publicação | |
| Nome do editor | Temas e Debates |
| Local de publicação | Lisboa |
| Data de publicação | 1999 |
| 215 ## - Descrição física | |
| Paginação / Volumes | 143, [1] p. |
| Dimensões | 20 cm |
| 225 2# - Colecção | |
| Título próprio da colecção | Temas práticos |
| 300 ## - Notas gerais | |
| Texto da nota | Oferta de Raquel e Duarte Vaz Pinto |
| 700 #1 - Autor principal (pessoa individual) | |
| Apelido | Gonzales |
| Nome | Serge |
| -- | 070 |
| Datas | 1976- |
| 702 #1 - Autor secundário (pessoa individual) | |
| Apelido | Gonçalves |
| Nome | Luísa |
| -- | 730 |
| 801 ## - Fonte de origem | |
| País | PT |
| Regras de catalogação | RPC |
| 990 ## - Elementos KOHA | |
| Tipo de documento | Livro |
| Situação do levantamento | Estado | Biblioteca de origem | Biblioteca de empréstimo | Localização na Estante | Código de barras | Permissão de empréstimo | Tipo de documento | Nota relativa ao exemplar | Cota |
|---|---|---|---|---|---|---|---|---|---|
| Completo | Biblioteca Municipal de Viana Do Alentejo | Biblioteca Municipal de Viana Do Alentejo | Depósito | 0014938 | Disponível | Livro | caixa 37 VNT | ||
| Completo | Biblioteca Municipal de Viana Do Alentejo | Biblioteca Municipal de Viana Do Alentejo | Depósito | 0003110AL | Disponível | Livro | Caixa 315 | ||
| Completo | Biblioteca Municipal de Viana Do Alentejo | Biblioteca Municipal de Viana Do Alentejo Pólo Aguiar | 0017427 | Disponível | Livro | 159.9 GON |